| 000 | 00887nam a22002297a 4500 | ||
|---|---|---|---|
| 999 |
_c19714 _d19714 |
||
| 003 | AR-CdUCM | ||
| 008 | 190304b ||||| |||| 00| 0 spa d | ||
| 040 |
_aMUNICIPALIDAD PROVINCIAL DEL CUSCO _cBIBLIOTECA MUNICIPAL DEL CUSCO |
||
| 082 |
_a348.41 / _bOC16 |
||
| 100 |
_aOchoa Jara, Juan Luis _941230 |
||
| 245 |
_alegislación laboral para servidores públicos : _bComentada concordada y actualizada / |
||
| 260 |
_aCusco : _bJL, _c1998. |
||
| 300 |
_a268 paginas ; _c25 cm. |
||
| 505 | _aContenido : Estatuto y escalafón de servicio civil -- Ley de bases de la carrera administrativa -- Manual normativo de personal... | ||
| 650 |
_aManuel del personal _941231 |
||
| 650 |
_aRelaciones laborales _97470 |
||
| 650 |
_aReglamentos _98910 |
||
| 700 |
_aChoque Goizueta, Zoraida _941232 |
||
| 700 |
_aCardenas Diaz, Blanca Margarita _941233 |
||
| 942 |
_2ddc _cLIBROS |
||
| 945 | _arcc | ||